Mots: nourriture en H-(I)-J-K (FR --> EN) - Statistiques

Statistiques générales
  • Ce quiz a été pris 39 fois
  • Le résultat moyen est 8 sur 9
Statistiques - réponses
Hint Réponse % Correct
Jus Juice
100%
Huile Oil
100%
Hamburger Burger
97%
Ketchup Ketchup
97%
Kiwi Kiwi
97%
Haricot Bean
94%
Jambon Ham
94%
Huitre Oyster
75%
Homard Lobster
69%
Aucun quiz correspondant
Distribution des résultats
% des personnes avec chaque résultat
Percentile par nombre de réponses
Votre historique - résultats
Vous n’avez pas pris ce quiz